000 00674nam a22002057a 4500
999 _c61754
_d61754
005 20240429105046.0
008 240429s2003 enk||||| |||| 00| 0 eng d
020 _a9780721692944x
041 _aeng
080 _a617.3-053.2+616.71-001 G-78
100 _aGreen, Neil
_921969
245 _aSkeletal Trauma in Children :
_bVolume 3 /
_cNeil E Green, Marc F. Swiontkowski.
250 _aThird Edition
264 _aPhiladelphia :
_bSaunders,
_c2003.
300 _a638 p. :
_bill.;
_c29 cm.
653 _aტრავმა ბავშვებში
653 _aმედიცინა
700 _aSwiontkowski, Marc F.
_eავტორი
_921970
942 _2udc
_cBK